Constructores de ciudad: nueve historias del primer concurso Historia de las poblaciones

Bewaard in:
Bibliografische gegevens
Hoofdauteur: Avello, David Jesús (Auteur)
Formaat: Boek
Taal:Spaans
Gepubliceerd in: Santiago Sur 1989
Onderwerpen:
Tags: Voeg label toe
Geen labels, Wees de eerste die dit record labelt!

MARC

LEADER 00000nam a2200000 a 4500
001 UCX0330
003 CL-VaPUC
008 890927e19890000CL |||||||||||||||||spa|d
082 0 4 |a 307.2  |b AVE  |2 21 
100 0 |a Avello, David Jesús  |e author  |9 315716 
245 1 0 |a Constructores de ciudad: nueve historias del primer concurso Historia de las poblaciones 
300 |a 158 p 
942 |c BK 
945 |d 19890927 00:00:00 
260 |a Santiago  |b Sur  |c 1989 
650 7 |a POBLACIONES MARGINALES ASPECTOS SOCIALES  |2 CL-VaPUC  |9 315717 
650 0 |a Crecimiento urbano  |9 267691 
651 0 |a Santiago (Chile)  |9 261130 
583 |a last modification  |c 19890927 00:00:00  |k Rodrigo Vera 
999 |c 221963  |d 221961 
952 |0 0  |1 0  |4 0  |6 307_200000000000000_AVE_1989  |7 0  |8 A  |9 216077  |a BIBGIM  |b BIBGIM  |d 2019-11-15  |i 2846454  |o 307.2 AVE 1989  |p 2846454  |r 2025-01-15  |w 2019-11-15  |y BK  |k SSL 
952 |0 0  |1 0  |4 0  |6 307_200000000000000_AVE_1989  |7 0  |8 A  |9 216078  |a BIBGIM  |b BIBGIM  |d 2019-11-15  |i 2846462  |o 307.2 AVE 1989  |p 2846462  |r 2025-01-15  |w 2019-11-15  |y BK  |k SSL